Exploring maths 5 : (Record no. 282549)
[ view plain ]
| 000 -LEADER | |
|---|---|
| fixed length control field | 00909nam a2200253 a 4500 |
| 005 - DATE AND TIME OF LATEST TRANSACTION | |
| control field | 20150209082140.0 |
| 008 - FIXED-LENGTH DATA ELEMENTS--GENERAL INFORMATION | |
| fixed length control field | 130711s19uu xx 00 eng d |
| 020 ## - INTERNATIONAL STANDARD BOOK NUMBER | |
| International Standard Book Number | 9781405886115 |
| 050 ## - LIBRARY OF CONGRESS CALL NUMBER | |
| Classification number | QA 11.154 |
| Item number | .Ex96t5 2008 |
| 245 ## - TITLE STATEMENT | |
| Title | Exploring maths 5 : |
| Remainder of title | teacher's book / |
| Statement of responsibility, etc | edited byAnita Straker. |
| 260 ## - PUBLICATION, DISTRIBUTION, ETC. (IMPRINT) | |
| Place of publication, distribution, etc | Great Britain, Scotprint : |
| Name of publisher, distributor, etc | Pearson Longman, |
| Date of publication, distribution, etc | c2008. |
| 300 ## - PHYSICAL DESCRIPTION | |
| Extent | 379 pages : |
| Other physical details | illustrations ; |
| Dimensions | 28 cm. |
| Accompanying material | + 1 CD ROM (3/4) inches. |
| 500 ## - GENERAL NOTE | |
| General note | Includes index and bibliographies |
| 520 ## - SUMMARY, ETC. | |
| Summary, etc | its about the powers and roots, functions and graph, equations and formula, 2D and 3D shapes, |
| 650 ## - SUBJECT ADDED ENTRY--TOPICAL TERM | |
| Topical term or geographic name as entry element | Fractions |
| General subdivision | mathematics |
| 650 ## - SUBJECT ADDED ENTRY--TOPICAL TERM | |
| Topical term or geographic name as entry element | Probabilities |
| General subdivision | mathematics |
| 650 ## - SUBJECT ADDED ENTRY--TOPICAL TERM | |
| Topical term or geographic name as entry element | Measurements |
| General subdivision | mathematics |
| 650 ## - SUBJECT ADDED ENTRY--TOPICAL TERM | |
| Topical term or geographic name as entry element | Equations |
| General subdivision | mathematics |
| 700 ## - ADDED ENTRY--PERSONAL NAME | |
| Personal name | Fisher, Tony |
| 700 ## - ADDED ENTRY--PERSONAL NAME | |
| Personal name | Hyde, Rosalyn |
| 700 ## - ADDED ENTRY--PERSONAL NAME | |
| Personal name | Jennings, Sue |
| 700 ## - ADDED ENTRY--PERSONAL NAME | |
| Personal name | Longstaffe, Jonathan |
| 942 ## - ADDED ENTRY ELEMENTS (KOHA) | |
| Koha item type | Books |
| Source of classification or shelving scheme | Library of Congress Classification |
| Withdrawn status | Lost status | Source of classification or shelving scheme | Damaged status | Home library | Current library | Shelving location | Date acquired | Source of acquisition | Sub Shelving location | Total Checkouts | Full call number | Barcode | Date last seen | Date checked out | Price effective from | Koha item type | Total Renewals |
|---|---|---|---|---|---|---|---|---|---|---|---|---|---|---|---|---|---|
| Library of Congress Classification | Luxembourg Library | Luxembourg Library | Teachers Reference Section | 02/09/2015 | Library Fund | 1 | QA 11.154 .Ex96t5 2008 | 19874 | 02/15/2016 | 02/15/2016 | 02/09/2015 | Books | |||||
| Library of Congress Classification | Luxembourg Library | Luxembourg Library | Teachers Reference Section | 02/09/2015 | Library Fund | QA 11.154 .Ex96t5 2008 | 19875 | 06/19/2015 | 02/09/2015 | Books | |||||||
| Library of Congress Classification | Luxembourg Library | Luxembourg Library | Teachers Reference Section | 02/09/2015 | Library Fund | 1 | QA 11.154 .Ex96t5 2008 | 19876 | 03/09/2016 | 04/21/2015 | 02/09/2015 | Books | 24 |